00596nam a2200205Ia 4500003000400000005001700004008004100021020001500062040001800077041000800095082002900103100002100132245005200153250001200205260004300217300003100260650003600291650002500327650003800352OSt20230830153110.0210716s1995 xx 000 0 und d a8170296285 cAIMIT LIBRARY aeng a005.11FP 23rd ed.bSIEC aSiegel, Charles. aMastering visual foxpro 3 /cBy Charles Siegel. a3rd ed. aNew Delhi :bBPB Publications ,c1995. axxxiv,1089p. ;bPBc23 cm. aAdding editing and viewing data aWorking with queries aUsing forms to speed up your work